000 00886nam a22002537a 4500
003 OSt
005 20210224100259.0
008 210224s ck |||gr|||| 00| 0 spa d
020 _a9789587049978
040 _aCO-JMCR
_cCO-JMCR
041 1 _aspa
_hpor
082 0 4 _aN /
_bSARe
_223
100 1 _aSaramago, José,
_eautor
_93095
245 1 0 _aEnsayo sobre la ceguera /
_cJosé Saramago ; taducción, Basiio Losada
260 _aBogotá :
_bAlfaguara,
_c2010
300 _a409 páginas ;
_c21 cm.
520 0 _aMagistralmente ejecutada, en esta novela Saramago traza un poderoso retrato de la sociedad contemporánea.
586 _aPremio Novel de literatura 1998.
650 2 4 _aCeguera en la literatura
_913844
650 2 4 _aLiteratura contemporánea
_913845
650 2 4 _aEpidemia literatura
_913846
700 1 _aLosada, Basilio,
_etraductor
_913847
942 _2ddc
_cBK
999 _c7307
_d7307